| 000 | 00603nam a2200181 i 4500 | ||
|---|---|---|---|
| 001 | 40595 | ||
| 003 | ES-MaACL | ||
| 005 | 20230906160251.0 | ||
| 007 | t| | ||
| 008 | 030306s1939 sp ||||1| spa d | ||
| 100 | 1 |
_aCarrel, Alexis. _935609 |
|
| 245 | 1 | 3 |
_aLa incógnita del hombre / _cAlexix Carrel ; traducción del inglés cotejada con la versión francesa por María Ruiz Ferré. |
| 250 | _a3ª ed. | ||
| 260 |
_aBarcelona : _b[s.n.], _c1939 ( _fGráficas Marco) |
||
| 300 |
_aXV, 378 p. : _bretr. aut. ; _c22 cm. |
||
| 700 | 1 |
_aRuiz Ferré, María. _9100799 |
|
| 852 |
_aES-MaACL _jA-5310 _bR.18570 |
||
| 999 |
_c40595 _d40595 |
||